000 00283nam a22001337a 4500
008 181121b xxu||||| |||| 00| 0 eng d
020 _a9780618044276
041 _aeng
080 _a821
100 _a22
101 _aGJU
245 _aMaking America
_cMiller.B
942 _2udc
_cBK
999 _c52247
_d52247